000 00753nam a2200205 i 4500
001 96087
003 ES-MaACL
005 20240203062546.0
008 050610s1927 sp |||| | spa d
100 1 _aMadinaveitia y Tabuyo, Antonio.
_975324
245 1 0 _aDiscurso leído en la solemne apertura del curso académico de 1927-1928 por el Doctor D. Antonio Madinaveitia y Tabuyo.
260 _aMadrid :
_b[s.n.],
_c1927 (
_fImp. Colonial)
300 _a47 p. ;
_c28 cm.
594 _aTema: La enseñanza de la química orgánica.
594 _aPrecede al tít.: Universidad Central.
650 _aQuímica-
_xEstudio y enseñanza.
_9175913
710 2 _aUniversidad Central (Madrid)
_97084
852 _aES-MaACL
_j1711-F-14
999 _c96087
_d96087